| 000 | 01268cam a2200229 4500 | ||
|---|---|---|---|
| 001 | 8573 | ||
| 005 | 20181127190257.0 | ||
| 008 | 091026s2010 nyua b 001 0 eng | ||
| 010 | _a 2009042875 | ||
| 020 | _a0195387759 | ||
| 020 | _a9780195387759 | ||
| 082 | 0 | 0 |
_a537 _222 |
| 100 | 1 | _aSadiku, Matthew N. O. | |
| 245 | 1 | 0 |
_aElements of electromagnetics / _cMatthew N.O. Sadiku. |
| 250 | _a5th ed. | ||
| 260 |
_aNew York : _bOxford University Press, _c2010. |
||
| 300 |
_axvi, 845 p. : _bill ; _c25 cm. |
||
| 504 | _aIncludes bibliographical references and index. | ||
| 505 |
_aCONTENTS : Vector Algebra ; 2. Coordinate Systems and Transformations ; 3. Vector Calculus ; 4. Electrostatic Fields ; 5. Electric Fields in Material Space ; 6. Electrostatic Boundary- Value Problems ; 7. Magneostatic Fields ; 8. Magnetic Forces, Materials, and Devices, ; 9. Maxwell's Equations ; 10. Electomagnetic Wave Propagation ; 11. Transmission Lines ; 12. Waveguides ; 13. Antennas ; 14. Numerical Methods ; APPENDIX A MATHEMATICAL FORMULAS ; APPENDIX B MATERIAL CONSTANTS ; APPENDIX C MATLAB ; APPENDIC D THE COMPLETE SMITH CHART ; APPENDIX E ANSWERS TO ODD - NUMBERED PROBLEMS ; INDEX _g _r _t |
||
| 650 | 0 | _aElectromagnetism. | |
| 999 |
_c7426 _d7426 |
||